Logo BPK

Bibliografia Prac Pracowników

Politechniki Koszalińskiej

Two approximate approaches to dynamic stiffness of shear beam on random foundation / (Rekord nr 9700)

Szczegóły MARC
000 -ETYKIETA REKORDU
podpole kontrolne o stałej długości 00681naa a2200157 i 4500
001 - NUMER KONTROLNY REKORDU
podpole kontrolne 9700
003 - IDENTYFIKATOR NUMERU KONTROLNEGO REKORDU
podpole kontrolne KOSZ 005
005 - DATA OSTATNIEJ MODYFIKACJI REKORDU
podpole kontrolne 20180406123537.0
008 - POLE O STAŁEJ DŁUGOŚCI - DANE KONTROLNE
podpole kontrolne o stałej długości 180406s1994 uk | | |000 ||eng d
040 ## - ŹRÓDŁO KATALOGOWANIA
Instytucja, która utworzyła rekord KOSZ 005/HR
Instytucja, która sporządziła opis KOSZ 005/HR
041 ## - KOD JĘZYKA
Kod języka tekstu eng
100 1# - NAZWA OSOBOWA
Nazwa osobowa HRYNIEWICZ, Zdzisław.
Lata pracy 1982-1999.
Instytucja Wyższa Szkoła Inżynierska w Koszalinie - Wydział Inżynierii Lądowej i Sanitarnej,
Wydział Zakład Podstaw Projektowania
245 10 - TYTUŁ/ODPOWIEDZIALNOŚĆ
Tytuł Two approximate approaches to dynamic stiffness of shear beam on random foundation /
Pozostałe elementy strefy tytułu i oznaczenia odpowiedzialności Zdzisław Hryniewicz.
773 0# - TYTUŁ DOKUMENTU MACIERZYSTEGO
Wyrażenie wprowadzające W :
Tytuł International Reports. -
Adres wydawniczy Uxbridge, UK : Dept. of Mechanical Engeering. Brunel University, 1994. -
942 ## - HASŁO DODATKOWE - ELEMENTY(KOHA)
Typ dokumentu Rozdział
Schemat klasyfikacji Uniwersalna klasyfikacja dziesiętna

Brak dostępnych egzemplarzy.

© 2014 Biblioteka Politechniki Koszalińskiej :: BIBLIOGRAFIA PRAC PRACOWNIKÓW